| 000 | 00803nam a2200229 a 4500 | ||
|---|---|---|---|
| 005 | 20240215063832.0 | ||
| 008 | 010709s1992 mx r 000 0 spa d | ||
| 020 | _a9701000889 | ||
| 035 | _aUPN01000109426 | ||
| 049 | _aCG | ||
| 050 | 4 |
_aT57.7 _bS3.28 1992 |
|
| 100 | 1 |
_aSchroeder, Roger Glenn _934500 |
|
| 245 | 1 | 0 |
_aAdministración de operaciones / _cRoger G. Schroeder; tr. Gerardo Maldonado Vázquez. |
| 250 | _a3a ed. | ||
| 260 |
_aMéxico : _bMcGraw-Hill Interamericana, _cc1992 |
||
| 300 | _a855 p. | ||
| 500 | _aSubtítulo de la cubierta: Toma de decisiones en la función de operaciones. | ||
| 534 |
_pTraducción de: _tOperations management : decision making in the operations function |
||
| 650 | 4 |
_aInvestigación operativa _921138 |
|
| 650 | 4 |
_aAdministración _928 |
|
| 905 | _aLibro | ||
| 999 |
_c83337 _d83337 |
||